| 000 | 01240nam a2200193 4500 | ||
|---|---|---|---|
| 999 |
_c163654 _d163654 |
||
| 005 | 20190425175144.0 | ||
| 010 | _aENG-125080 | ||
| 020 |
_a978819233 _c450.00 |
||
| 035 | _aEN-108612 | ||
| 037 | _bDBAD/PUB | ||
| 082 | _a028.709 | ||
| 245 |
_a National conference on role of library association in promoting information literacy in the knoledge society _ced. by B.Ramesh Babu...[et. all] |
||
| 260 |
_aVijaywada _bAndra Pradesh Library Association _c2014 |
||
| 270 |
_aSri Sarvottama Bhavam _bVijaywada _e520010 _mapla1914@gmail.com |
||
| 300 |
_axiii,446p. _c23cm(pbk) |
||
| 500 | _aincludes bibliographical references | ||
| 700 | _aRamesh Babu B. | ||
| 942 |
_2ddc _cEN _h028.709 _mNAT |
||